Animals in Fantastic Mr Fox Quiz Stats

Quiz Updated Apr 21, 2015

Challenge
Share
Tweet
Embed
Score 0/13 Timer 02:00
0 Plays Today
% Correct
Fox
98.3%
Badger
71.1%
Dog
68.5%
Rabbit
64.3%
Rat
61.2%
Field Mouse
58.1%
Chicken
57.4%
Mole
51.4%
Human
48.2%
Weasel
32.5%
Duck
31.3%
Goose
30.6%
Turkey
25.7%

You're not logged in!

Compare scores with friends on all Sporcle quizzes.
Sign Up with Email
OR
Log In

You Might Also Like...

Show Comments

Extras

Top Quizzes Today


Score Distribution

Your Account Isn't Verified!

In order to create a playlist on Sporcle, you need to verify the email address you used during registration. Go to your Sporcle Settings to finish the process.